000 00710nam a2200241Ia 4500
003 OSt
005 20220918175047.0
006 a|||||r|||| 00| 0
007 ta
008 220917b |||||||| |||| 00| 0 eng d
024 _a15,474
037 _cTextual
040 _aARTS
_cARTS
_beng
041 _2eng
_aeng
082 _aO111:g(P), L8
100 _aSmith Barbara Herrnstein
_952740
245 0 _aOn the margins of discourse
_b The relation of literature to language
260 _aChicago
_bUniv Of Chicago Press
_c1978
300 _axvii,225p. illus
_ccm.
650 _aENGLISH LITERATURE
942 _hO111:g(P), L8
_cTEXL
_2CC
999 _c155872
_d155872